Responses for Show #3260 - Friday, November 6, 1998

1998 Celebrity Jeopardy! Legends in Sports Night.

Contestants

[<< previous game]

Kareem Abdul-Jabbar, a former pro basketball player and actor originally from Brooklyn, New York

Martina Navratilova, a former tennis pro and novelist originally from Prague, Czechoslovakia

Reggie Jackson, a former pro baseball player originally from Wyncote, Pennsylvania

[next game >>]

Jeopardy! Round responses

SPORTS SUPERSTARS
HISTORY 101
THE PRODUCE SECTION
VINTAGE CARS
TRUTH OR DARE
HORSING AROUND
    $100 22
(Reggie: Well, well, whaddya know!)

Tiger Woods

Reggie
    $100 9
Egypt

Martina
    $100 7
Nectarine

Martina
    $100 1
Edsel

Kareem
    $100 2
Lady Godiva

Kareem
    $100 13
Mounting

Kareem
    $200 23
Michael Jordan

Martina
    $200 18
Molly Brown

Kareem
    $200 8
Kiwi fruit

Kareem
    $200 3
Hamlet

Kareem
    $200 14
Pinto

Kareem
    $300 24
[The end-of-round signal sounds.]

Martina Hingis

Kareem
    $2,000 19
John F. Kennedy

Kareem
    $300 10
(Martina: What is a sapote?)
...
(Alex: Oh, Martina's ringing in again!)
(Martina: What is a [*]?)
(Alex: Yes, the [*], but you can't do it on the second ring.)

passion fruit

Martina
Triple Stumper
    $300 4
Alexander Hamilton

Kareem
    $300 15
Fox hunting

Martina
    $400 20
(Alex: Less than a minute to go.)

Pocahontas

Kareem
    $400 11
Papaya

Kareem
    $400 5
Fred Astaire & Ginger Rogers

Kareem
    $400 16
Filly

Kareem
    $500 21
Robert E. Lee

Martina
    $500 12
Mango

Martina
    $500 6
Howard Hughes

Martina
    $500 17
Bareback

Kareem

Scores at the first commercial break (after clue 12):

Reggie Martina Kareem
$0 $900 $1,700

Scores at the end of the Jeopardy! Round:

Reggie Martina Kareem
$100 $1,900 $5,800

Double Jeopardy! Round responses

MEMORIES OF OAKLAND
(Alex: Reggie?)
SPORTS ON FILM
THE MAP OF EUROPE
THE ANATOMY LESSON
MUSICAL THEATER
4-LETTER WORDS
    $200 1
San Francisco Bay

Reggie
    $200 10
golf

Reggie
    $200 3
(Kareem: If you include Greenland, which is part of Denmark, Denmark is the biggest.)
(Alex: [Giving the time out signal] All right, players, here's what we have discovered: Greenland achieved home rule in 1979, although there are some books that say it's part of Denmark, which would mean that Kareem's argument is well-taken; however, Kareem, I would like to point out that your response was not Denmark, you said "What is Norway?" so your score remains the same. Martina gets credit for a correct response and on the plus side, since there was only one country remaining, and Denmark might be considered to be a correct response, Reggie, being the only one left, would have rung in and said Denmark, so we're going to credit him with a correct response and give him the points also because he would have said that--right, Reggie?)
(Reggie: Absolutely!)
(Alex: Thank you!)

Sweden

ReggieMartinaKareem
    $200 9
smile

Reggie
    $200 8
(Reggie: What is Cats?)

Grease

ReggieKareem
    $200 24
a hive

Kareem
    $400 2
gold

Martina
    $400 19
(Alex: We have a minute left. Kareem, select.)

Jerry Maguire

Triple Stumper
    $400 4
Spain

Kareem
    $400 12
the lungs

Kareem
    $400 15
Bye Bye Birdie

Kareem
    $400 25
hair

Kareem
    $600 11
the BART (Bay Area Rapid Transit)

Kareem
    $600 21
Rosie O'Donnell

Martina
    $3,000 5
Romania

Kareem
    $600 13
(Reggie: What is the eye?)
(Kareem: What is the eardrum?)
...
(Alex: Kareem, you got a little too specific.)

the ear

ReggieKareem
Triple Stumper
    $4,000 17
(Martina: I can see it... I'm drawing a blank... I was thinking Frontline.)

A Chorus Line

Martina
    $600 26
[The end-of-round signal sounds.]

line

Kareem
    $800 22
bobsledding

Martina
    $800 6
Mont Blanc

Martina
    $800 14
the brain

Martina
    $800 18
Angela Lansbury

Kareem
    $1000 23
Shirley Muldowney

Martina
    $1000 7
Rhine

Martina
    $1000 16
the Achilles tendon

Martina
    $1000 20
Pete Townshend

Triple Stumper

Scores at the end of the Double Jeopardy! Round:

Reggie Martina Kareem
$100 $4,500 $12,000
(lock game)

[wagering suggestions for these scores]

Final Jeopardy! Round responses

LEGENDARY PEOPLE
(Alex: [To Kareem] Remember, he was on Jeopardy! a few years ago... oh, come on, that's kind of rubbing it in a little much, isn't it?!)
...
(Alex: Ladies and gentlemen, we'll be coming to you next week from Boston. See you then!)
ReggieWho?
$100
MartinaWho was Robin Hood
$4,499
KareemWho was Robin of Locksley "Robin Hood"
$10,000
Robin Hood

Final scores:

Reggie Martina Kareem
$0 $8,999 $22,000
3rd place: $10,000 for The Mr. October Foundation for Kids 2nd place: $10,000 for PETA and Kidstuff Foundation Winner: $22,000 for Athletes & Entertainers for Kids

Game dynamics:

Coryat scores:

Reggie Martina Kareem
$100 $8,500 $7,900
5 R,
2 W
16 R,
2 W
(including 1 DD)
25 R
(including 2 DDs),
2 W

Combined Coryat: $16,500

[game clues] [game scores] [suggest correction]

Game tape date: 1998-09-02
The J! Archive is created by fans, for fans. Scraping, republication, monetization, and malicious use prohibited; this site may use cookies and collect identifying information. See terms. The Jeopardy! game show and all elements thereof, including but not limited to copyright and trademark thereto, are the property of Jeopardy Productions, Inc. and are protected under law. This website is not affiliated with, sponsored by, or operated by Jeopardy Productions, Inc. Join the discussion at JBoard.tv.